Jean Christophe

Sábháilte in:
Sonraí bibleagrafaíochta
Príomhchruthaitheoir: Rolland, Romain (Údar)
Formáid: LEABHAR
Teanga:Fraincis
Foilsithe / Cruthaithe: París Paul Ollendorff 1920
Eagrán:56a. ed
Ábhair:
Clibeanna: Cuir clib leis
Níl clibeanna ann, Bí ar an gcéad duine le clib a chur leis an taifead seo!

MARC

LEADER 00000nam a2200000 a 4500
001 UCQ0786
003 CL-VaPUC
008 980703e19200000FR |||||||||||||||||fre|d
082 0 4 |a 843  |b ROL  |2 21 
100 0 |a Rolland, Romain  |e author  |9 414095 
245 1 0 |a Jean Christophe 
250 |a 56a. ed 
300 |a v 
942 |c BK 
945 |d 19980703 00:00:00  |a lriquelm 
260 |a París  |b Paul Ollendorff  |c 1920 
500 |a v.8: Les Amies 
650 0 |a Novela francesa  |9 264985 
650 0 |a Literatura francesa  |9 266330 
583 |a last modification  |c 19980703 00:00:00  |k Rodrigo Vera 
999 |c 271818  |d 271816 
952 |0 0  |1 0  |4 0  |6 843_000000000000000_ROL_1920  |7 0  |8 P  |9 306590  |a BIBEDU  |b BIBEDU  |d 2019-11-20  |h v.8  |i 1431684  |o 843 ROL 1920  |p 1431684  |r 2019-11-20  |w 2019-11-20  |y BK  |k LIT